000 00726nam a2200241Ia 4500
003 OSt
005 20220918230849.0
006 a|||||r|||| 00| 0
007 ta
008 220917b |||||||| |||| 00| 0 eng d
024 _a260,912
037 _cTextual
040 _aARTS
_cARTS
_beng
041 _2eng
_aeng
082 _aV2N5:28t ARC, K6.14
110 _aReport of the StudyTeam,District Administration
_9153414
245 0 _aAdministrative reforms commission
_b report
260 _aDelhi
_bGovernment of India
_c1967
650 _aHISTORY
700 _aReport of the StudyTeam,District Administration
_9153415
942 _hV2N5:28t ARC, K6.14
_cTEXL
_2CC
999 _c289170
_d289170